Petit Bac: Les Pokémon de type Poison - Statistiques

Statistiques générales
  • Ce quiz a été pris 386 fois
    264 depuis la dernière actualisation
  • Le résultat moyen est 15 sur 19
Statistiques - réponses
Lettre Pokémon % Correct
A Abo / Aéromite / Arbok / Aspicot / Avaltout / Axoloto
95%
S Salarsen / Scobolite / Séviper / Smogo / Smogogo / Spectrum
93%
T Tag-Tag / Tadmorv / Tentacool / Tentacruel / Terraiste / Toxizap / Tritox / Trompignon
93%
C Chétiflor / Coatox / Coconfort / Cradopaud
90%
M Malamandre / Mandrillon / Miamiasme / Miasmax /Migalos / Mimigal / Mimitoss / Mite-de-Fer / Moufflair / Moufouette / Mystherbe
90%
F Fantominus / Farfuret / Farfurex / Felicanis / Flagadoss / Favianos / Floréclat / Florizarre / Fortusimia
89%
R Rafflesia / Rapion / Roigada / Rosélia / Roserade / Rozbouton
88%
B Boustiflor / Brutapode / Bulbizarre
87%
E Ectoplasma / Ethernatos / Empiflor
87%
G Gaulet / Gloupti / Germéclat / Gribougraine / Grotadmorv
85%
V Vémini / Venalgue / Venipatte / Vorastérie / Vrombi / Vrombotor
84%
D Dardargnan / Drascore
83%
Q Qwilfish / Qwilpik
74%
O Ortide
73%
P Papinox / Pêchaminus / Prédastérie
68%
H Herbizarre
66%
N Nidoran / Nidorina / Nidorina / Nidoking / Nidoqueen / Nosferalto / Nosferapti / Nostenfer
65%
K Kravarech
53%
Z Zéroïd
41%
Aucun quiz correspondant
Distribution des résultats
% des personnes avec chaque résultat
Percentile par nombre de réponses
Votre historique - résultats
Vous n’avez pas pris ce quiz depuis la dernière actualisation